Báječná show [soundtrack k filmu]

Korporativní autor: Ondrášek (pěvecký sbor)
Další autoři: Špinarová, Věra, 1951-2017, Janků, Heidi, 1962-, Vondráčková, Lucie, 1980-
Jazyk: Čeština
Vydáno: Praha : Popron Music, p2002
Témata:
Fyzický popis: 1 zvuková deska : digital ; 12 cm + 1 brožura [20 s.]
Zvukové nahrávky
Uloženo v:
LEADER 01848njm a2200409 a 4500
001 000654160
003 CZ BrMZK
005 20030224095805.0
007 sd fsngnnmmned
008 030218s2002 xr pp f d cze d
028 0 1 |a 54541-2  |b Popron Music 
040 |a BOA001  |b cze 
047 |a pp 
048 |a od  |b vu 
080 |a 784.4  |2 MRF 
080 |a 785.16  |2 MRF 
080 |a (086.7)  |2 MRF 
245 0 0 |a Báječná show  |h [zvukový záznam] :  |b [soundtrack k filmu] 
260 |a Praha :  |b Popron Music,  |c p2002 
300 |a 1 zvuková deska :  |b digital ;  |c 12 cm +  |e 1 brožura [20 s.] 
500 |a Nahráno v České televizi Studiu A, v březnu a dubnu 2001 a v Českém rozhlase Ostrava v březnu a dubnu 2001 
500 |a Kompaktní deska 
500 |a Texty písní v brožuře 
500 |a CD obsahuje i Karaoke verze všech písní 
500 |a Vydáno také na kazetě s objednacím číslem 54541-2 
505 0 0 |t Báječná show --  |t Liška a vrána --  |t Želva a zajíc --  |t Žába Bláža --  |t Píseň Vola --  |t Píseň Hraboše --  |t Kocour Tóna --  |t Píseň Netopýrka --  |t Tuc tuc --  |t Vlk doktorem --  |t Cikáda a Mravenec --  |t Kojot a Mula --  |t Liška a Čáp --  |t Přátelství --  |t Byl slavný den --  |t Zelené strašidlo 
511 0 |a Sbor Ondrášek 
511 0 |a Zpívají: Věra Špianrová, Heidi Janků, Lucie Vondráčková ... [et al.] 
650 0 7 |a populární písně  |7 ph124354  |2 czenas 
655 4 |a populární hudba 
700 1 |a Špinarová, Věra,  |d 1951-2017  |7 jn19990209882  |4 prf 
700 1 |a Janků, Heidi,  |d 1962-  |7 jn19981228081  |4 prf 
700 1 |a Vondráčková, Lucie,  |d 1980-  |7 jn20000703386  |4 prf 
710 2 |a Ondrášek (pěvecký sbor)  |7 ko2004245911 
910 |a BOA001  |b CD-0010.968 
990 |a AV 
996 6 |b 261H011992  |c CD-0010.968  |l MZK  |r Sklad / do 24 hodin  |n 0  |w 000654160  |u 000010  |a 1  |e BOA001  |j MZK50  |s P